000 00601nam a2200241Ia 4500
003 OSt
005 20221007101439.0
006 a|||||r|||| 00| 0
007 ta
008 221006b |||||||| |||| 00| 0 eng d
024 _a6,479
037 _cTextual
040 _aLCO
_cLCO
_beng
041 _2eng
_aeng
082 _aW:51.2, L2
100 _aRAO B SHIVA
245 0 _aIndia's Freedom Movements.
260 _aNew
_bDelhi Orient Longmann
_c1972
300 _a336
650 _aFREEDOM
_917797
942 _hW:51.2, L2
_cTEXL
999 _c1176042
_d1176042